=LDR 00000nam 2200000 4500 =001 INLIS000000000046815 =005 20200430104329 =035 ##$$a 0010-051500000000074 =008 200430################g##########0#ind## =020 ##$$a 978-979-16669-4-7 =082 ##$$a 2x4.91 =100 #$$a Muhammad Jaya =245 1#$$a Ternyata makanan dan minuman : $b Anda mengandung babi dan khamar ! /$c Muhammad Jaya =260 ##$$a Samarinda :$b Rizma,$c 2009 =300 ##$$a 291 Hlm ; $c 21 x 14 cm. =084 ##$$a 2x4.91 MUH t =250 ##$$a Cet. 1 =650 #4$$a Makanan dan Minuman Haram =990 ##$$a 0001/BPAP-NTB/20142015 =990 ##$$a 0001/BPAP-NTB/2016 =990 ##$$a 21005643 =990 ##$$a 21005643 =990 ##$$a 0001/BPAP-NTB/2016 =990 ##$$a 0001/BPAP-NTB/2016 =990 ##$$a 21005641 =990 ##$$a 21005641 =990 ##$$a 21005643 =990 ##$$a 21005643 =990 ##$$a 09580958 =990 ##$$a 09580958 =990 ##$$a 21005642 =990 ##$$a 21005643 =990 ##$$a 21005641 =990 ##$$a 1201000638 =990 ##$$a 21005640 =990 ##$$a 21005643 =990 ##$$a 21005641 =990 ##$$a 21005642